Managing effective teams in organizations

Bibliographic Details
Main Author: RUIN
Format: Book
Published: Kuala Lumpur : Leeds Pub. , 2002
Series:Management dynamics practical overview series
Subjects:

MARC

LEADER 00000cam a2200000 7i4500
001 0000002040
005 20020905.0
020 0 0 |a 9832431123 
090 0 0 |a 658.402   |b RUI 2002 
100 1 0 |a RUIN   |h Josef Eby 
245 1 0 |a Managing effective teams in organizations   |c Josef Eby Ruin 
260 0 0 |a Kuala Lumpur :   |b Leeds Pub. ,   |c 2002 
300 |a xiii, 110 p. :   |b ill. ;   |c 23 cm. 
440 0 0 |a Management dynamics practical overview series 
650 0 0 |a Teams in the workplace   |x Management 
998 |a JPSM 
999 |a 0000003407   |b Monograph   |c Open Shelf   |e Default branch